| 000 | 00755nam a2200217Ia 4500 | ||
|---|---|---|---|
| 003 | IN-BaIIA | ||
| 008 | 211028s9999 xx 000 0 eng d | ||
| 020 | _a0-8243-0922-7 | ||
| 040 | _cIIA Library | ||
| 080 |
_a(05)52 _bANN-22 |
||
| 245 | 0 |
_aAnnual review of astronomy and astrophysics _bvol. 22 _cedited by Geoffrey R. Burbidge, David Layzer and John G. Phillips |
|
| 260 |
_aPalo Alto _bAnnual Reviews _c1984 |
||
| 300 | _a635p. | ||
| 650 | _aAstronomy and astrophysics thesaurus | ||
| 650 |
_aAstronomy-Periodicals _94087 |
||
| 650 |
_aAstrophysics-Periodicals _94088 |
||
| 700 | _aBurbidge, Geoffrey R., ed. | ||
| 700 |
_aLayzer, David, ed. _94091 |
||
| 700 |
_aPhillips, John G., ed. _95230 |
||
| 942 | _cBK | ||
| 999 |
_c8042 _d8042 |
||